MVPs NBA 2024 - Estadísticas

Estadísticas generales
  • Esta prueba ha sido intentada 399 veces
  • La puntuación promedio es 52 de 67
Estadísticas de respuestas
AÑO Ganador % Correcto
2012 LeBron James
99%
2013 LeBron James
99%
2010 LeBron James
99%
2009 LeBron James
99%
2022 Nikola Jokic
99%
2021 Nikola Jokic
99%
1998 Michael Jordan
98%
1996 Michael Jordan
98%
1992 Michael Jordan
98%
1991 Michael Jordan
98%
1988 Michael Jordan
98%
2016 Stephen Curry
98%
2020 Giannis Antetokounmpo
96%
2019 Giannis Antetokounmpo
96%
2008 Kobe Bryant
96%
2023 Joel Embiid
94%
2000 Shaquille O'Neal
93%
2018 James Harden
92%
2014 Kevin Durant
92%
1986 Larry Bird
91%
1985 Larry Bird
91%
1984 Larry Bird
91%
2017 Russell Westbrook
91%
1990 Magic Johnson
88%
1989 Magic Johnson
88%
1987 Magic Johnson
88%
2003 Tim Duncan
85%
2002 Tim Duncan
85%
1968 Wilt Chamberlain
84%
1967 Wilt Chamberlain
84%
1966 Wilt Chamberlain
84%
2011 Derrick Rose
83%
2007 Dirk Nowitzki
82%
1980 Kareem Abdul-Jabbar
82%
1977 Kareem Abdul-Jabbar
82%
1976 Kareem Abdul-Jabbar
82%
1974 Kareem Abdul-Jabbar
82%
1972 Kareem Abdul-Jabbar
82%
1960 Kareem Abdul-Jabbar
82%
2006 Steve Nash
80%
2005 Steve Nash
80%
1965 Bill Russell
79%
1963 Bill Russell
79%
1962 Bill Russell
79%
1961 Bill Russell
79%
1958 Bill Russell
79%
2001 Allen Iverson
78%
1994 Hakeem Olajuwon
77%
1999 Karl Malone
72%
1997 Karl Malone
72%
1983 Moses Malone
71%
1982 Moses Malone
71%
1979 Moses Malone
71%
2004 Kevin Garnett
69%
1993 Charles Barkley
61%
1995 David Robinson
59%
1981 Julius Erving
58%
1959 Bob Pettit
50%
1956 Bob Pettit
50%
1964 Oscar Robertson
48%
1957 Bob Cousy
42%
1975 Bob McAdoo
36%
1978 Bill Walton
34%
1969 Wes Unseld
24%
1970 Willis Reed
22%
1973 Dave Cowens
19%
1971 Lew Aclindor
1%
No se encontraron pruebas coincidentes
Distribución de puntuación
Porcentaje de gente con cada puntuación
Porcentaje por número respondido
Historial de tus puntuaciones
No has intentado esta prueba.